000 05653cam a22017774i 4500
003 PE-LiUPU
005 20250813165704.0
008 150625s r 000 0 d
020 _a9972625745
035 _a(Sirsi) i9789972625749
040 _aPE-LiUPU
_bspa
_cPE-LiUPU
_erda
049 _aPRUA
082 0 4 _a636
_bP45
_221
245 0 0 _aManual de crianza de animales /
_cMargarita Pérez, dirección editorial.
264 1 _aBarcelona :
_bLexus Editores,
_c2008.
300 _a728 p :
_bilustraciones, color ;
_c28 centímetros
336 _atext
_2rdacontent
337 _aunmediated
_2rdamedia
338 _avolume
_2rdacarrier
505 0 _aConceptos de ganado. -Origen de las razas. -Explotación ganadera. -Nutrición. -Concepto de enfermedad. -Unidades de medida. -Cerdos. -Alojamiento al aire libre. -Alimentación. -Manejo. -Reproducción. -Razas de cerdos. -Aves. -Producción avícola familar. -Gallinas de puesta. -Producción de huevo. -Alojamiento. -Manejo de gallinas camperas. -Producción de huevos ecológicos. -Pollos de corral o camperos. -Modelos de producción. -Alimentación. -Alojamiento de pollos camperos y label. -Menejo. -Registros y controles de crianza. -Capones y pulardas. -Qué es un capón y qué es una pularda. -Castración, métodos y consecuencias. -Alojamiento. -Manejo. -Alimentación. - Sanidad. -Pollos picantones. -Aprovechamiento industrial de machitos ligeros y semipesados. -Condiciones de crianza. -Alimentación. -Presentación del producto en el mercado. -Pavos. -Tipos de pavos. -Alojamiento. -Equipo de crianza. - Menejo. -Sanidad de las aves de granja. -Pequeños mamíferos. -Conejos. -El conejo en estado salvaje: hábitos de comportamiento. -Alojamiento. -Higiene. -Alimentación. -Reproducción. -Majero. -Razas de conejo. -Sanidad. -Sacrificio casero. -Cuyes. -Alojamiento. - Alimentación. -Reproducción. -Razas de cuyes. -Sanidad. -Rumiantes. -Ganado vacuno. -Alojamiento. -Alimentación. -Reproducción. -Razas de bovinos. -Sanidad. -. -Auquénidos: llamas y alpacas. -Razas. -Alimentación. -Reproducción. -Rendimiento productivo. -Ganado ovino. -Alojamiento. -Alimentación. -Manejo y reproducción. -Razas de oveja. -Esquila. -Producción. -Registros. -Sanidad. -Enfermedades. -Ganado caprino. -Cría sostenible del ganado caprino. -Alojamiento. -Alimentación. -Manejo. -Reproducción. -Razas de cabra. - Sanidad. -Caballos. -Alojamiento. -Identificación. -Alimentación. -Manejos. -Razas de caballos. -Sanidad. .
526 _aP203
526 _aP200
526 _aSEG65
526 _aSEG64
526 _aSEG63
526 _aSEG62
526 _aSEG61
526 _aSEG60
526 _aSEG59
526 _aSEG58
526 _aSEG57
526 _aSEG56
526 _aSEG55
526 _aSEG54
526 _aSEG53
526 _aSEG52
526 _aSEG51
526 _aSEG50
526 _aSEG49
526 _aSEG48
526 _aSEG47
526 _aSEG46
526 _aSEG24
526 _aSEG23
526 _aSEG22
526 _aSEG21
526 _aSEG20
526 _aSEG19
526 _aSEG18
526 _aSEG17
526 _aSEG16
526 _aSEG14
526 _aSEG13
526 _aSEG12
526 _aSEG11
526 _aSEG10
526 _aSEG09
526 _aSEG06
526 _aSEG05
526 _aSEG04
526 _aSEG03
526 _aSEG02
526 _aSEG68
526 _aSEG66
526 _aSEG45
526 _aSEG25
526 _aSEG01
526 _aP163
526 _aP162
526 _aP161
526 _aP160
526 _aP159
526 _aP158
526 _aP157
526 _aP156
526 _aP155
526 _aP154
526 _aP153
526 _aP152
526 _aP151
526 _aP150
526 _aP149
526 _aP142
526 _aP141
526 _aP140
526 _aP139
526 _aP138
526 _aP137
526 _aP132
526 _aP131
526 _aP130
526 _aP126
526 _aP125
526 _aP124
526 _aP123
526 _aP115
526 _aP122
526 _aP121
526 _aP116
526 _a P114
526 _aP112
526 _aP111
526 _aP104
526 _aP103
526 _aP102
526 _aP101
526 _aP100
526 _aP96
526 _aP95
526 _aP93
526 _aP92
526 _aP91
526 _aP88
526 _aP83
526 _aP82
526 _aP79
526 _aP78
526 _aP75
526 _aP74
526 _aP71
526 _aP69
526 _a P51
526 _aP49
526 _aP48
526 _aP47
526 _aP33
526 _aP31
526 _a P30
526 _aP29
526 _aP27
526 _aP26
526 _aP25
526 _aP24
526 _a P22
526 _aP10
526 _aP09
526 _a P08
526 _aP06
526 _aP05
526 _aP04
526 _aP01
541 _g001-00103;
650 0 4 _aAnimales
_xCría y explotación.
650 0 4 _aZootecnia.
700 1 _aPérez, Margarita,
_edirector.
942 _2ddc
_cBOOK
949 _a636 P45
_wDEWEY
_c1
_i58011
_lCCODEBUL1
_mBUL
_r0
_sY
_tBOOK
_u2015-6-25
_xINGENIERIA
_zUNKNOWN
_0COMPRA
_o.STAFF. Colección General
994 _aC0
_bPEPRU
596 _a1
999 _a636 P45
_wDEWEY
_c46980
_i58011
_f2021-11-5
_g7
_lCCODEBUL1
_mBUL
_r0
_sY
_tBOOK
_u2015-6-25
_xBIBLIOTECA
_zUNKNOWN
_0COMPRA
_o.STAFF. Colección General
_d46980
980 _81
_gALBERTO SANCHEZ Responsable de Automatización